Catálogo
 En Linea

Dominicanismo universal : (Registro nro. 2819)

Detalles MARC
000 -CABECERA
campo de control de longitud fija 01237nam a2200301 u 4500
001 - NÚMERO DE CONTROL
campo de control 000002987
003 - IDENTIFICADOR DEL NÚMERO DE CONTROL
campo de control DO-SdBNP
005 - FECHA Y HORA DE LA ÚLTIMA TRANSACCIÓN
campo de control 20260316133924.0
008 - DATOS DE LONGITUD FIJA--INFORMACIÓN GENERAL
campo de control de longitud fija 090706s2001 dr c r 000 0 spa d
020 ## - NÚMERO INTERNACIONAL ESTÁNDAR DEL LIBRO
Número Internacional Estándar del Libro 9993420174
040 ## - FUENTE DE LA CATALOGACIÓN
Centro catalogador/agencia de origen DO-SdBNP
Lengua de catalogación spa
Centro/agencia transcriptor BNPHU
082 #4 - NÚMERO DE LA CLASIFICACIÓN DECIMAL DEWEY
Número de clasificación 330.9
Número de documento/Ítem M347d
Número de edición 22
100 1# - ENTRADA PRINCIPAL--NOMBRE DE PERSONA
Nombre de persona Marlbor Alvarado, Jorge,
Fechas asociadas al nombre 1963-
9 (RLIN) 9470
245 10 - MENCIÓN DE TÍTULO
Título Dominicanismo universal :
Resto del título relación económica, política, cultural y social de la República Dominicana con un mundo globalizado /
Mención de responsabilidad, etc. Jorge Marlbor Alvarado.
260 ## - PUBLICACIÓN, DISTRIBUCIÓN, ETC.
Lugar de publicación, distribución, etc. Santo Domingo :
Nombre del editor, distribuidor, etc. Manatí,
Fecha de publicación, distribución, etc. 2001.
300 ## - DESCRIPCIÓN FÍSICA
Extensión 245 p. :
Otras características físicas il., retrs. ;
Dimensiones 21 cm.
500 ## - NOTA GENERAL
Nota general Incluye datos biográficos del autor en la contraportada
504 ## - NOTA DE BIBLIOGRAFÍA, ETC.
Nota de bibliografía, etc. Bibliografía : p. 243-245
590 ## - NOTA LOCAL (RLIN)
Nota local Inventariado, 2018/ YL
650 #0 - PUNTO DE ACCESO ADICIONAL DE MATERIA--TÉRMINO DE MATERIA
Término de materia o nombre geográfico como elemento de entrada Política económica
9 (RLIN) 9471
650 #0 - PUNTO DE ACCESO ADICIONAL DE MATERIA--TÉRMINO DE MATERIA
Término de materia o nombre geográfico como elemento de entrada Relaciones económicas internacionales
9 (RLIN) 1067
650 #4 - PUNTO DE ACCESO ADICIONAL DE MATERIA--TÉRMINO DE MATERIA
Término de materia o nombre geográfico como elemento de entrada Desarrollo económico
Subdivisión de forma Ensayos, conferencias, etc.
9 (RLIN) 9472
650 #4 - PUNTO DE ACCESO ADICIONAL DE MATERIA--TÉRMINO DE MATERIA
Término de materia o nombre geográfico como elemento de entrada Potencial de crecimiento
Subdivisión geográfica República Dominicana
Subdivisión de forma Ensayos, conferencias, etc.
9 (RLIN) 9473
650 #4 - PUNTO DE ACCESO ADICIONAL DE MATERIA--TÉRMINO DE MATERIA
Término de materia o nombre geográfico como elemento de entrada Competencia económica internacional
Subdivisión de forma Ensayos, conferencias, etc.
9 (RLIN) 9474
650 #0 - PUNTO DE ACCESO ADICIONAL DE MATERIA--TÉRMINO DE MATERIA
Término de materia o nombre geográfico como elemento de entrada Globalización
9 (RLIN) 1524
910 ## - DATOS DE OPCIÓN DEL USUARIO (OCLC)
Datos de opción del usuario Validado. Control de calidad MMOLINA
942 ## - ELEMENTOS DE PUNTO DE ACCESO ADICIONAL (KOHA)
Fuente del sistema de clasificación o colocación Dewey Decimal Classification
Tipo de ítem Koha Libro
Existencias
Estado de retiro Estado de pérdida No para préstamo Código de colección Localización permanente Ubicación/localización actual Ubicación en estantería Fecha de adquisición Número de inventario Total de préstamos Signatura topográfica completa Código de barras Fecha visto por última vez Precio válido a partir de Tipo de ítem Koha Número de copia
    Excluido de préstamo Patrimonio Dominicano Patrimonio Dominicano Patrimonio Dominicano Depósito 06.07.2009 LF1   330.9 M347d 2987-10 25.06.2020 25.06.2020 Libro y Folleto Colección Patrimonio Dominicano  
    Excluido de préstamo Patrimonio Dominicano Patrimonio Dominicano Patrimonio Dominicano Depósito 06.07.2009 LF1   330.9 M347d 2987-20 25.06.2020 25.06.2020 Libro y Folleto Colección Patrimonio Dominicano e. 2
    Excluido de préstamo Dominicana de Servicio Patrimonio Dominicano Patrimonio Dominicano Depósito 28.05.2018 LF1   330.9 M347d 2987-30 25.06.2020 25.06.2020 Libro y Folleto Colección Dominicana de Servicio e. 3
    Excluido de préstamo Dominicana de Servicio Patrimonio Dominicano Patrimonio Dominicano Depósito 28.05.2018 LF1   330.9 M347d 2987-40 25.06.2020 25.06.2020 Libro y Folleto Colección Dominicana de Servicio e. 4
    Excluido de préstamo Dominicana de Servicio Patrimonio Dominicano Patrimonio Dominicano Depósito 28.05.2018 LF1   330.9 M347d 2987-50 25.06.2020 25.06.2020 Libro y Folleto Colección Dominicana de Servicio e. 5

Con tecnología Koha